| 000 | 00680nam a2200217Ia 4500 | ||
|---|---|---|---|
| 001 | 14901 | ||
| 003 | GE_BSU | ||
| 008 | 181216s||||||||xx |||||||||||||| ||und|| | ||
| 020 | _a5060004627 | ||
| 040 | _cGE_BSU | ||
| 080 | _a514(075.8) | ||
| 100 | _aБазылев, В.Т. | ||
| 245 | _aГеометрия дифференцируемых многообразовании | ||
| 245 | _bУчевное пособие для студ. вузов | ||
| 260 | _aМосква | ||
| 260 | _bВысшая школа | ||
| 260 | _c1989 | ||
| 300 | _a223стр.20см. | ||
| 653 | _aГеометрия дифференцируемых многообразовании | ||
| 942 | _cBK | ||
| 999 |
_c48021 _d48021 |
||